Sports Quiz

Random Sports or MLB Quiz
Score 0/25 Timer 10:00
1 Play Today
Wins Pitcher % Correct
251CC Sabathia
88.4%
169Clayton Kershaw
85.8%
225Justin Verlander
78.5%
169Felix Hernandez
71.4%
170Max Scherzer
68.7%
109Chris Sale
66.3%
150David Price
64.5%
190Jon Lester
62%
163Cole Hamels
59%
162Adam Wainwright
57.4%
205Zack Greinke
56.5%
149Ervin Santana
55.9%
119Madison Bumgarner
54.3%
Wins Pitcher % Correct
112Stephen Strasburg
52.5%
106Jake Arrieta
44.4%
126Johnny Cueto
41.2%
108Aníbal Sánchez
36.1%
130Gio Gonzalez
35%
149Rick Porcello
34.5%
121J.A. Happ
25.9%
112Francisco Liriano
23.4%
107Edwin Jackson
22.9%
114Ricky Nolasco
18.8%
105Mike Leake
10.2%
104Jorge De La Rosa
9.2%

You're not logged in!

Compare scores with friends on all Sporcle quizzes.
OR
Log In

Sporcle TV

Today on Sporcle TV


Watch our educational content, quiz creation guides, and fun videos on Sporcle TV.

Show Comments

Extras

Top Quizzes Today


Score Distribution

Paid Content

Your Account Isn't Verified!

In order to create a playlist on Sporcle, you need to verify the email address you used during registration. Go to your Sporcle Settings to finish the process.

Report this User

Report this user for behavior that violates our Community Guidelines.

Details: